Normal view
MARC view
- Miraflor, Madelaine B.
Entry Personal Name
001 - CONTROL NUMBER
- control field: 46879
003 - CONTROL NUMBER IDENTIFIER
- control field: OSt
005 - DATE AND TIME OF LATEST TRANSACTION
- control field: 20221124142039.0
008 - FIXED-LENGTH DATA ELEMENTS
- fixed length control field: 221124|| aca||aabn | a|a d
040 ## - CATALOGING SOURCE
- Original cataloging agency: OSt
- Transcribing agency: OSt
100 ## - HEADING--PERSONAL NAME
- Personal name: Miraflor, Madelaine B.
670 ## - SOURCE DATA FOUND
- Source citation: Work cat.: (OSt): Miraflor, Madelaine B., DA aims to increase agriculture exports /, February 14, 2020.
